000 00370nam a2200169Ia 4500
003 0STCL
008 150530s9999 xx 000 0 und d
040 _aSTCL
_cSTCL
100 _aSastry, S.S.
245 _aEngieering mathematics vol I
250 _aSecond
260 _c1997
546 _aEnglish
942 _2ddc
_cBK
999 _c24852
_d24852
005 20220125170023.0